000 00585nam a2200193 i 4500
001 129477
003 ES-MaACL
005 20230906193516.0
007 t|
008 070615s1973 sp ||||1| spa d
080 _a94(5)
100 1 _aTeuffen, Dietrich Hans.
_9109848
245 1 3 _aEl mundo oriental
_b: Asia, entre la edad de piedra y la actualidad /
_cDietrich Hans Teuffen.
250 _a[1ª ed.].
260 _aBarcelona :
_bCaralt,
_c[1973]
300 _a2 v. , 38 lám. :
_bil. ;
_c22 cm.
651 4 _aAsia-
_xHistoria.
_97827
852 _aES-MaACL
_jC-51306-7
_bR.85347
999 _c129477
_d129477